000 00231nam a2200097Ia 4500
005 20251222154312.0
008 251222s9999||||xx |||||||||||||| ||spa||
082 _aREF.912/B52
245 0 _aAtlas de geografĂ­a universal
942 _cLIB
999 _c33427
_d33427